| 000 | 00446nam a2200193Ia 4500 | ||
|---|---|---|---|
| 008 | 170918s9999 xx 000 0 und d | ||
| 020 | _a9780545404099 | ||
| 050 | _bP866 2010 | ||
| 100 | _aPotter, Ellen | ||
| 245 | 4 | _aThe kneebone boy / | |
| 245 | _cEllen Potter. | ||
| 260 | _aNew York : | ||
| 260 | _bScholastic, | ||
| 260 | _c2010 | ||
| 300 | _a282 pages : | ||
| 300 | _bcolored illustration ; | ||
| 300 | _c19cm. | ||
| 500 | _a850 | ||
| 999 |
_c342072 _d342072 |
||